Elizabeth Barrett Browning : (Record no. 5080)
[ view plain ]
| 000 -LEADER | |
|---|---|
| fixed length control field | 01338cam a2200181 4500 |
| 001 - CONTROL NUMBER | |
| control field | 6011 |
| 008 - FIXED-LENGTH DATA ELEMENTS--GENERAL INFORMATION | |
| fixed length control field | 010723s1998 enkac 001 p eng |
| 020 ## - INTERNATIONAL STANDARD BOOK NUMBER | |
| International Standard Book Number | 186019303X |
| 100 1# - MAIN ENTRY--PERSONAL NAME | |
| Personal name | Browning, Elizabeth Barrett, |
| Dates associated with a name | 1806-1861 |
| 245 10 - TITLE STATEMENT | |
| Title | Elizabeth Barrett Browning : |
| Remainder of title | a burning passion / |
| Statement of responsibility, etc. | written and compiled by K.E. Sullivan |
| 260 ## - PUBLICATION, DISTRIBUTION, ETC. | |
| Place of publication, distribution, etc. | London : |
| Name of publisher, distributor, etc. | Brockhampton, |
| Date of publication, distribution, etc. | c1998 |
| 300 ## - PHYSICAL DESCRIPTION | |
| Extent | 96 p. : |
| Other physical details | col. ill., ports. (chiefly col.) ; |
| Dimensions | 23 cm |
| 490 1# - SERIES STATEMENT | |
| Series statement | Illustrated poetry anthology |
| 500 ## - GENERAL NOTE | |
| General note | Includes index |
| 505 0# - FORMATTED CONTENTS NOTE | |
| Formatted contents note | Stanzas on the death of Lord Byron -- To -- The autumn -- To Victoire, on her marriage -- Weariness -- Remonstrance -- The cry of the children -- Sleeping and watching -- A child's thought of God -- The sleep -- Tears -- Grief -- A thought for a lonely death-bed -- Pain in pleasure -- Discontent -- Life -- Love -- Cowper's grave -- Song of the rose -- Sonnets from the Portuguese : (extracts) -- Bereavement -- Past and future -- Work -- Casa Guidi windows : a poem (1851) : extract -- Aurora Leigh (1856). First book : (extract) -- Poems before Congress (1860). Christmas gifts ; A curse for a nation : (extract) -- Little Mattie -- My Kate -- My heart and I -- A musical instrument -- Parting lovers : (extract) -- Mother and poet : (extract) |
| 700 1# - ADDED ENTRY--PERSONAL NAME | |
| Personal name | Sullivan, K. E |
| 830 #0 - SERIES ADDED ENTRY--UNIFORM TITLE | |
| Uniform title | Illustrated poetry anthology |
| Withdrawn status | Lost status | Source of classification or shelving scheme | Damaged status | Not for loan | Collection code | Home library | Current library | Shelving location | Date acquired | Cost, normal purchase price | Serial Enumeration / chronology | Inventory number | Total Checkouts | Full call number | Barcode | Date last seen | Date last checked out | Price effective from | Koha item type |
|---|---|---|---|---|---|---|---|---|---|---|---|---|---|---|---|---|---|---|---|
| Dewey Decimal Classification | Main TEST | RTC Library | RTC Library | Main opac | 27/11/2018 | 150.00 | 2254 | 1 | 821.8 BRO | 30002093 | 27/08/2024 | 16/08/2024 | 27/11/2018 | Main |